Представление документа в формате RUSMARC

ПолеНазваниеЗначение
  Тип записи a
  Библиографический уровень m
001 Контрольный номер RU/УОНБ/EK/365524794
005 Дата корректировки 20250520122042.0
010 Индекс ISBN __
a ISBN 5-06-004553-6
d Цена 249 р. 90 к.
9 Тираж 3000 экз.
100 Данные общей обработки __
a Данные общей обработки 20110801d2003 u y0rusy0189||||ca
101 Язык документа 1_
a Язык текста rus
a Язык текста eng
102 Страна публикации __
a Страна публикации RU
105 Кодированные данные (монография) __
a Кодированные данные (монография) y j 001yy
200 Заглавие и сведения об ответственности 1_
a Заглавие Филология и семиотика. Современный английский язык
e Сведения, относящиеся к заглавию учеб. пособие для вузов
f Первые сведения об ответственности Т.Б. Назарова
205 Сведения об издании __
a Основные сведения об издании 2-е изд., испр.
210 Выходные данные 1_
a Место издания Москва
c Издательство Высш. шк.
d Дата издания 2003
215 Физическое описание __
a Объем 191 с.
d Формат 21 см
225 Серия 1_
a Серия Для высших учебных заведений
320 Библиография __
a Библиография Библиогр.: с. 170-190
606 Тематические рубрики 0_
a Основная рубрика Английский язык
j Формальный подзаголовок Учебники и пособия для вузов
610 Ключевые слова 0_
a Ключевые слова английская семиотика
686 Индексы других классификаций __
a Классификационный индекс 81.431
2 Код системы rubbk
700 Автор _1
a Фамилия Назарова
b Имя (инициалы) Т.Б.
g Полное личное имя Тамара Борисовна
801 Источник записи _0
a Страна RU
b Организация Ульяновская ОНБ
c Дата составления 20110801
g Правила каталогизации RCR
801 Источник записи _1
a Страна RU
b Организация Ульяновская ОНБ
c Дата составления 20110801
g Правила каталогизации RCR
901 Тип документа __
t Тип документа m
909 Создатель записи __
a Создатель записи Мейснер
b Дата создания записи 20111006
938 Служебная информация __
a Имя БД books
b Имя библиотеки УОНБ
c Имя АИБС МАРК-SQL
d Номер DOC_ID в БД 268448